| 000 | 00850cam a22002777a 4500 | ||
|---|---|---|---|
| 003 | CHAP | ||
| 005 | 20220329134946.0 | ||
| 008 | 971013s1977 r 00010 d | ||
| 010 | _a28696 | ||
| 011 | _a29668 | ||
| 035 | _a33779 | ||
| 040 | _cCHAP | ||
| 090 | _aFolleto 5260 | ||
| 100 | 0 | 0 |
_aKoolhaas, Michel H. _963708 |
| 245 | 1 | 3 | _aLa ecuación universal de pérdida de suelo |
| 260 |
_aMontevideo : _bUniversidad de la República. Facultad de Agronomía, _c1977 |
||
| 300 | _a39 p. | ||
| 590 |
_aBATCH-UPD _b10 _c20130110 _lUCH01 _h2005 |
||
| 590 |
_aBATCH-UPD _b10 _c20130410 _lUCH01 _h1325 |
||
| 590 |
_aBATCH-UPD _b10 _c20130914 _lUCH01 _h2036 |
||
| 590 |
_aCONVERSION _b10 _c20130109 _lUCH01 _h1316 |
||
| 650 | 1 | 4 |
_aSuelos _xConservación. _9110283 |
| 901 | _aBK | ||
| 942 | _cFOLL | ||
| 949 |
_aFolleto 5260 _bBC _cFOLL _d-78497 _eTS1 _i33779 _mD _si |
||
| 999 |
_c28696 _d28696 |
||